Rehabilitation technology (Registro nro. 88938)
[ vista simple ]
| 000 -LEADER | |
|---|---|
| campo de control de longitud fija | 01179nam a2200277 i 4500 |
| 001 - NÚMERO DE CONTROL | |
| campo de control | 88938 |
| 003 - IDENTIFICADOR DE NÚMERO DE CONTROL | |
| campo de control | ES-MaACL |
| 005 - FECHA Y HORA DE LA ÚLTIMA TRANSACCIÓN | |
| campo de control | 20230906175957.0 |
| 007 - CAMPO FIJO DE DESCRIPCIÓN FÍSICA--INFORMACIÓN GENERAL | |
| campo de control de longitud fija | t| |
| 008 - DATOS DE LONGITUD FIJA--INFORMACIÓN GENERAL | |
| campo de control de longitud fija | 050113s1993 ne ||||1| eng d |
| 020 ## - NÚMERO INTERNACIONAL ESTÁNDAR DEL LIBRO | |
| Número Internacional Estándar del Libro | 90-5199-131-2 |
| 080 ## - NÚMERO DE LA CLASIFICACIÓN DECIMAL UNIVERSAL | |
| Número de la Clasificación Decimal Universal | 615.8(063) |
| 111 2# - ENTRADA PRINCIPAL--NOMBRE DE CONGRESO/REUNIÓN | |
| Nombre de congreso/reunión o jurisdicción como elemento de entrada | TIDE Congress ( |
| Número del congreso/reunión o número de parte o sección | 1º. |
| Fecha del congreso o de la firma del tratado | 1993. |
| Sede del congreso/Lugar de la reunión | Brussels) |
| 9 (RLIN) | 1123 |
| 245 10 - MENCIÓN DEL TÍTULO | |
| Título | Rehabilitation technology |
| Resto del título | : strategias for the European Union : proceedings of the ist TIDE Congress, 6-7 April 1993, Brussels / |
| Mención de responsabilidad, etc. | edited by E. Ballabio, I. Placencia-Porrero and R. Puig de la Bellacasa. |
| 260 ## - PUBLICACIÓN, DISTRIBUCIÓN, ETC. | |
| Lugar de publicación, distribución, etc. | Amsterdam [etc.] : |
| Nombre del editor, distribuidor, etc. | IOS Press, |
| Fecha de publicación, distribución, etc. | 1993. |
| 300 ## - DESCRIPCIÓN FÍSICA | |
| Extensión | 261 p. ; |
| Dimensiones | 25 cm. |
| 490 1# - MENCIÓN DE SERIE | |
| Mención de serie | Studies in health technology and informatics ; |
| Designación de volumen o secuencia | 9 |
| 650 14 - PUNTO DE ACCESO ADICIONAL DE MATERIA--TÉRMINO DE MATERIA | |
| Término de materia o nombre geográfico como elemento de entrada | Rehabilitación- |
| Subdivisión de forma | Congresos y asambleas. |
| 9 (RLIN) | 16772 |
| 700 1# - ENTRADA AGREGADA--NOMBRE PERSONAL | |
| Nombre de persona | Ballabio, E. |
| 9 (RLIN) | 24960 |
| 700 1# - ENTRADA AGREGADA--NOMBRE PERSONAL | |
| Nombre de persona | Placencia-Porrero, I. |
| 9 (RLIN) | 92501 |
| 700 1# - ENTRADA AGREGADA--NOMBRE PERSONAL | |
| Nombre de persona | Puig de la Bellacasa, R. |
| 9 (RLIN) | 94262 |
| 711 2# - ENTRADA AGREGADA--NOMBRE DE REUNIÓN | |
| Nombre de congreso/reunión o jurisdicción como elemento de entrada | Technology for the social-economics integrations of the disabled and elderly people. Congress ( |
| Número del congreso/reunión o número de parte o sección | 1º. |
| Fecha del congreso o de la firma del tratado | 1993. |
| Sede del congreso/Lugar de la reunión | Brussels) |
| 9 (RLIN) | 1121 |
| 830 0# - PUNTO DE ACCESO ADICIONAL DE SERIE-TÍTULO UNIFORME | |
| Título uniforme | Studies in health technology and informatics ; |
| Designación de volumen o secuencia | 9 |
| 9 (RLIN) | 231855 |
| 852 ## - LOCALIZACIÓN | |
| Ubicación | ES-MaACL |
| Número de control de estantería | E-10782 |
| Sublocalización o colección | R.135159 |
| Estatus retirado | Estado de pérdida | Estado de daño | No para préstamo | Biblioteca de origen | Biblioteca actual | Ubicación en estantería | Fecha de adquisición | Fuente de adquisición | Total de préstamos | Signatura topográfica completa | Código de barras | Visto por última vez | Precio de reemplazo | Tipo de ítem Koha |
|---|---|---|---|---|---|---|---|---|---|---|---|---|---|---|
| Biblioteca del Ateneo de Madrid | Biblioteca del Ateneo de Madrid | Depósito 2 | 17/01/2008 | E-10782 | 1092891 | 23/02/2023 | 23/02/2023 | Libro impreso |
